<?xml version="1.0" encoding="UTF-8"?>
<record
    xmlns:xsi="http://www.w3.org/2001/XMLSchema-instance"
    xsi:schemaLocation="http://www.loc.gov/MARC21/slim http://www.loc.gov/standards/marcxml/schema/MARC21slim.xsd"
    xmlns="http://www.loc.gov/MARC21/slim">

  <leader>02744nam a22003134c 4500</leader>
  <controlfield tag="003">AR-BaSMT</controlfield>
  <controlfield tag="008">260327b2025     aga|||br|||| 001 1bspa d</controlfield>
  <datafield tag="020" ind1=" " ind2=" ">
    <subfield code="a">9789877674606</subfield>
  </datafield>
  <datafield tag="040" ind1=" " ind2=" ">
    <subfield code="a">BSGB</subfield>
    <subfield code="b">espa&#xF1;ol</subfield>
    <subfield code="c">BSGB</subfield>
    <subfield code="e">rda</subfield>
  </datafield>
  <datafield tag="041" ind1="0" ind2=" ">
    <subfield code="a">spa</subfield>
    <subfield code="h">espa&#xF1;ol</subfield>
  </datafield>
  <datafield tag="080" ind1=" " ind2=" ">
    <subfield code="a">82-34</subfield>
  </datafield>
  <datafield tag="100" ind1="1" ind2=" ">
    <subfield code="a">Vargas, Sebasti&#xE1;n</subfield>
    <subfield code="9">29</subfield>
  </datafield>
  <datafield tag="245" ind1="1" ind2="4">
    <subfield code="a">Los ojos del drag&#xF3;n</subfield>
  </datafield>
  <datafield tag="250" ind1=" " ind2=" ">
    <subfield code="a">Primera edici&#xF3;n</subfield>
  </datafield>
  <datafield tag="264" ind1=" " ind2="1">
    <subfield code="a">Buenos aires : </subfield>
    <subfield code="b">Planeta lector , </subfield>
    <subfield code="c">2025</subfield>
  </datafield>
  <datafield tag="300" ind1=" " ind2=" ">
    <subfield code="a">104 p&#xE1;ginas ; </subfield>
    <subfield code="b">ilustraciones blanco y negro</subfield>
  </datafield>
  <datafield tag="336" ind1=" " ind2=" ">
    <subfield code="2">rdacontent</subfield>
    <subfield code="a">texto</subfield>
    <subfield code="b">txt</subfield>
  </datafield>
  <datafield tag="337" ind1=" " ind2=" ">
    <subfield code="2">rdamedia</subfield>
    <subfield code="a">sin mediaci&#xF3;n</subfield>
    <subfield code="b">n</subfield>
  </datafield>
  <datafield tag="338" ind1=" " ind2=" ">
    <subfield code="2">rdacarrier</subfield>
    <subfield code="a">volumen</subfield>
    <subfield code="b">nc</subfield>
  </datafield>
  <datafield tag="490" ind1=" " ind2=" ">
    <subfield code="a">Planeta azul</subfield>
  </datafield>
  <datafield tag="505" ind1=" " ind2=" ">
    <subfield code="a">1. Rumores "Camino escuchado, camino dicho", p&#xE1;gina 9
2. Perseverar "Desgastar un palo hasta volverlo aguja", p&#xE1;gina 13
3. Salir al mundo "El sapo del fondo del pozo", p&#xE1;gina 17
4. No olvidar el objetivo " El carro al sur para el norte", p&#xE1;gina 21
5. Temeridad "Trazar los ojos en el dibujo del drag&#xF3;n", p&#xE1;gina 24
6. Iniciativa propia "Ocho inmortales cruzan el mar", p&#xE1;gina 28
7. Esconderse "La flauta que sobra completa el n&#xFA;mero", p&#xE1;gina 32
8. Adaptarse a los cambios "Tres a la ma&#xF1;ana, cuatro a la tarde", p&#xE1;gina 36
9. Moderaci&#xF3;n "El viejo Sai perdi&#xF3; su caballo", p&#xE1;gina 40
10. Autoenga&#xF1;o "Taparse las orejas para robar la campana", p&#xE1;gina 45
11. Fanfarronear "Al duque Ye le gustan los dragones", p&#xE1;gina 48
12. Esmero "La ropa del cielo no tiene costuras", p&#xE1;gina 51
13. Terquedad " La garza y la ostra se pelean", p&#xE1;gina 54
14. Astucia " El zorro toma prestado el poder del tigre", p&#xE1;gina 58
15. Apariencias " "Un ojo de pez se parece a una perla", p&#xE1;gina 62
16. Desperdicios " Tocar el arpa para las vacas", p&#xE1;gina 66
17. Experiencia " Caballo viejo conoce el camino", p&#xE1;gina 70
18. Conocimientos te&#xF3;ricos " Buscar un corcel por el dibujo", pagina 73
19. &#xC9;xito repentino "Un solo silvido sorprende a la gente", p&#xE1;gina 78
20. Sentido com&#xFA;n "Construir el sal&#xF3;n del edificio en el cielo", p&#xE1;gina 81
Para saber un poco m&#xE1;s sobre los proverbios chinos, p&#xE1;gina 85
</subfield>
  </datafield>
  <datafield tag="520" ind1="1" ind2=" ">
    <subfield code="a">Wang, el m&#xE1;s peque&#xF1;o de la familia Fu, es muy inquieto y curioso. Entre los rumores del pueblo y lo que escucha por los caminos, descubre los proverbios que usa su gente al hablar, frases que surgen de historias fant&#xE1;sticas y sus ense&#xF1;anzas... Pero vayan con cuidado: no se apuren a trazar los ojos en el dibujo del drag&#xF3;n, porque los libros no muerden pero s&#xED; transforman&#x2026;</subfield>
    <subfield code="u">https://www.planetalector.com.ar/libros/los-ojos-del-dragon/407834/
27/03/2025</subfield>
  </datafield>
  <datafield tag="521" ind1=" " ind2=" ">
    <subfield code="a">A partir de 8 a&#xF1;os</subfield>
  </datafield>
  <datafield tag="650" ind1=" " ind2="7">
    <subfield code="9">8</subfield>
    <subfield code="a">LITERATURA INFANTIL</subfield>
  </datafield>
  <datafield tag="650" ind1=" " ind2="7">
    <subfield code="9">23</subfield>
    <subfield code="a">CUENTO</subfield>
    <subfield code="z">Argentina</subfield>
  </datafield>
  <datafield tag="653" ind1=" " ind2=" ">
    <subfield code="a">Proverbios chinos</subfield>
  </datafield>
  <datafield tag="942" ind1=" " ind2=" ">
    <subfield code="2">ddc</subfield>
    <subfield code="a">BOOK</subfield>
  </datafield>
  <datafield tag="999" ind1=" " ind2=" ">
    <subfield code="c">604</subfield>
    <subfield code="d">604</subfield>
  </datafield>
  <datafield tag="952" ind1=" " ind2=" ">
    <subfield code="0">0</subfield>
    <subfield code="1">0</subfield>
    <subfield code="2">ddc</subfield>
    <subfield code="4">0</subfield>
    <subfield code="a">BSGB</subfield>
    <subfield code="b">BSGB</subfield>
    <subfield code="c">Verde</subfield>
    <subfield code="e">donaci&#xF3;n  editorial</subfield>
    <subfield code="i">000700</subfield>
    <subfield code="l">0</subfield>
    <subfield code="o">82-34 VAR</subfield>
    <subfield code="p">000700</subfield>
    <subfield code="t">1</subfield>
    <subfield code="y">BOOK</subfield>
    <subfield code="f"></subfield>
  </datafield>
  <datafield tag="952" ind1=" " ind2=" ">
    <subfield code="0">0</subfield>
    <subfield code="1">0</subfield>
    <subfield code="2">ddc</subfield>
    <subfield code="4">0</subfield>
    <subfield code="a">BSGB</subfield>
    <subfield code="b">BSGB</subfield>
    <subfield code="c">Verde</subfield>
    <subfield code="e">donaci&#xF3;n  editorial</subfield>
    <subfield code="i">000701</subfield>
    <subfield code="l">0</subfield>
    <subfield code="o">82-34 VAR</subfield>
    <subfield code="p">000701</subfield>
    <subfield code="t">2</subfield>
    <subfield code="y">BOOK</subfield>
    <subfield code="f"></subfield>
  </datafield>
</record>
